| 000 | 00650nam a2200265Ia 4500 | ||
|---|---|---|---|
| 008 | 160525s9999||||xx |||||||||||||| ||und|| | ||
| 040 | _cHindi | ||
| 082 | _aXV.G/Rasik-Sunder | ||
| 082 | _bBORI-74006 | ||
| 100 | _aM. V. Govilkar | ||
| 245 | _aRasik-Sunder aur Unka hindi kavya | ||
| 300 | _a312 | ||
| 300 | _cB | ||
| 300 | _eHardbound | ||
| 530 | _bJavalekar | ||
| 530 | _u00074006.pdf | ||
| 563 | _aRef | ||
| 600 | _aM. V. Govilkar | ||
| 630 | _aRasik-Sunder aur Unka hindi kavya | ||
| 650 | _aBiography | ||
| 650 | _aReference | ||
| 700 | _aM. V. Govilkar | ||
| 730 | _aRasik-Sunder aur Unka hindi kavya | ||
| 942 | _cBOOK | ||
| 999 |
_c1382983 _d1382980 |
||